000
00336 a2200145 4500
001
149556
040
_c
Escola São Tomás de Aquino
100
_a
QUEIRÓS, Bartolomeu Campos
240
1
0
_a
Ciganos
_l
por
245
1
0
_a
Ciganos
362
0
_a
1986
440
1
_a
Miguilim
697
_a
Folclore / Adivinhações / Lendas
942
_c
BK
999
_c
149556
_d
149556